Určujúce kritérium rozvoja.

Problematika životného prostredia - súčasť transformácie ekonomiky. Začlenenie ekologickej politiky do hospodárskej a sociálnej politiky. Ekologizácia spoločenského rozvoja. Integrovaný prístup k ochrane prírody a prírodných zdrojov obsiahnutý v Programovom vyhlásení vlády SR. Rozvoj geologického po...

ver descrição completa

Na minha lista:
Detalhes bibliográficos
Formato: Capítulo de Livro
Idioma:eslovaco
Assuntos:
Tags: Adicionar Tag
Sem tags, seja o primeiro a adicionar uma tag!

MARC

LEADER 00000naa a2200000 4500
001 r013150
005 20221213123658.5
041 0 |a slo 
044 |a SK 
245 1 0 |a Určujúce kritérium rozvoja. 
520 |a Problematika životného prostredia - súčasť transformácie ekonomiky. Začlenenie ekologickej politiky do hospodárskej a sociálnej politiky. Ekologizácia spoločenského rozvoja. Integrovaný prístup k ochrane prírody a prírodných zdrojov obsiahnutý v Programovom vyhlásení vlády SR. Rozvoj geologického poznania a komplexná geologická informácia o území SR. 
610 2 0 |a rozvoj hospodársky 
610 2 0 |a ekológia 
610 2 0 |a politika hospodárska 
610 2 0 |a ochrana prírody 
610 2 0 |a Slovensko 
610 2 0 |a geológia